MDQL
is popping MORE tags! Check the
thread
!
Quizzes
Events
Quiz Creation
Community
Videos
Private Events
Remove Ads
Sign In
Join for FREE
Feedback
Dark Mode
Quiz Categories
Sports
Geography
Music
Movies
Television
Just For Fun
Miscellaneous
History
Literature
Language
Science
Gaming
Entertainment
Religion
Holiday
For Kids
Quiz Lab
Recent
Popular Today
Quiz Kudos Today
Editor Picks
Curator Picks
Quizzes by...
Day
Popularity
Type
Ratings
Length
Year
Community
Subscriptions
Recent Discussions
Orange Saloon
Badges
Playlists
Quests
Create
Leaderboards
Showdown
Live 5
Trivia Bingo
Activity
Puzzle Library
Sporcle Events
Private Events
Virtual Trivia
Globe League
Become a Host
Pub Owners
SporcleCon
Opinionation
Our Games
Videos
Blog
Mobile Apps
Partnerships
Remove Ads and Go Orange
Feedback
Geography
Country
Landmarks
City
State
Population
World
Capital
Continent
Flags
Europe
Africa
Asia
South America
North America
Oceania
Border
Canada
United Kingdom
Topography
United States
Geography
Country
Landmarks
City
State
Population
World
Capital
Continent
Flags
Europe
Africa
Asia
South America
North America
Oceania
Border
Canada
United Kingdom
Topography
United States
Random Quiz
Search Sporcle
×
Quiz Lab
Quiz Lab
Geography
place
Type in answers that appear in a list
Type in answers that appear in a list
Classic
Best Score? Go Orange.
Drives on the Left Stats
Can you name the places that Drives on the Left?
By
Omni314
10m
74 Questions
183 Plays
183 Plays
183 Plays
Comments
Comments
Give Quiz Kudos
Give Quiz Kudos
-
- Ratings
hide this ad
Replay
Link that replays current quiz
Next Quiz
Link to next quiz in quiz playlist
You Got
0%
They Got
Avg Score
58%
Avg Friend Score
Upgrade to see
Score Distribution
Jump to the score distribution portion of the page
Score
0/74
Timer
10:00
0
Plays Today
% Correct
Australia
94.5%
United Kingdom
91.3%
Ireland
90.7%
New Zealand
88.5%
India
86.9%
Japan
83.1%
South Africa
83.1%
Pakistan
77.6%
Indonesia
76.5%
Zimbabwe
74.3%
Kenya
72.7%
Bangladesh
72.1%
Fiji
72.1%
Saint Kitts and Nevis
71.6%
Trinidad and Tobago
71.6%
Saint Lucia
71%
Saint Vincent and the Grenadines
71%
Jamaica
70.5%
Malaysia
69.9%
Samoa
69.4%
Singapore
69.4%
Zambia
69.4%
Namibia
68.9%
Barbados
68.3%
Thailand
68.3%
Dominica
67.2%
Lesotho
67.2%
Nepal
67.2%
Bahamas
66.7%
Papua New Guinea
66.7%
Antigua and Barbuda
66.1%
Kiribati
65.6%
Swaziland
65.6%
Uganda
65.6%
Tanzania
65%
Tuvalu
64.5%
Botswana
63.4%
% Correct
Grenada
63.4%
Nauru
63.4%
Mozambique
62.8%
Sri Lanka
62.8%
Bhutan
62.3%
Guyana
61.2%
Malta
61.2%
Tonga
61.2%
Solomon Islands
60.7%
Seychelles
60.1%
Cyprus
59.6%
Malawi
59%
Maldives
58.5%
Suriname
57.9%
Brunei
57.4%
Mauritius
56.3%
Hong Kong
51.9%
East Timor
44.3%
Bermuda
41%
Macau
37.7%
Isle of Man
35.5%
Jersey
34.4%
British Virgin Islands
34.4%
Guernsey
32.8%
Anguilla
31.1%
Niue
30.1%
Christmas Island
29.5%
Montserrat
29.5%
Tokelau
29%
Cayman Islands
27.9%
Turks and Caicos Islands
27.9%
Norfolk Island
26.2%
Alderney
25.1%
Pitcairn Islands
25.1%
Cocos (Keeling) Islands
24%
Cook Islands
23.5%
Saint Helena
21.9%
Quiz Playlist
Details
Report
Send in Message
Add To Playlist
Classic:
Type in answers that appear in a list
Last Updated: Feb 16, 2017
Quiz Scoreboard
CHALLENGE
Sign Up to Join the Scoreboard
Show All
Scores
Hide
Comments
May contain spoilers
Recently Published
Two Season TV Shows II
by 123Four
Television
10m
Image Sorting: Flags VI
by Barbecue
Geography
2m
Find the 'City' Movie
by crazypaving
Movies
60s
More to Explore
Quiz From the Vault
Featured Blog Post
14 Easter Pick-up Lines to Find Eggs With
hide this ad
You Might Also Like...
Tags
Drive
place
Today's Top Quizzes in Geography
Browse Geography
hide this ad
Today's Top Quizzes in place
Browse place
Top Contributed Quizzes in Geography
1
Colored Red Europe Blitz I
2
Countries of the World - No Outlines Minefield
3
Colored Red Africa Blitz II
4
Colored Red Europe Blitz II
5
Colored Red Europe Blitz III
6
Colored Red Africa Blitz III
7
Colored Red States Blitz I
8
Colored Red States Blitz II
9
Colored Red States Blitz III
10
A Different View: World Oceans
Explore More
Trending Topics
Crossword
Disney
NBA
Kpop
Marvel
Anime
Harry Potter
NFL
Country
Soccer
WWE
Song
Pokémon
Puzzle
The Office
hide this ad
More By:
Omni314
Quiz
Plays
Rating
Category
Featured
Created
Star Trek TNG Opening Monologue
2,888
3.96
Entertainment
May 23, 2011
Mario Kart Wii Grab Bag
2,821
2.63
Gaming
Nov 9, 2009
Countries around the coast
2,076
3.11
Geography
Nov 23, 2009
12 Human Senses
1,532
3.93
Science
Oct 20, 2009
Superman's Powers
1,009
2.25
Entertainment
Nov 1, 2009
Go to Creator's Profile
Score Distribution
Quiz Creator Spotlight
Omni314
Follow
Send a Message
Quizzes Created
-
Created Quiz Play Count
-
More By This Creator
Popular Quizzes Today
1
Find the US States - No Outlines Minefield
2
Colored Red Africa Blitz
3
Find the 'City' Movie
4
5x2 Blitz: Bands
5
The Countries of the World
6
Find the Countries of Europe - No Outlines Minefield
7
Find the US States
8
US States
More Geography Quizzes
Countries by description:C
Curator's Pick
Trending Quizzes
Colored Red Europe Blitz I
Colored Red Africa Blitz II
Colored Red Europe Blitz II
Colored Red Europe Blitz III
Colored Red Africa Blitz III
Recently Updated
How Do You Spell That?
pecheneg
Godzilla Movies
pecheneg
Grab Bag: 4-10 Letters
pecheneg
2024 March Madness Bracket
pecheneg
Famous TV Couples
Peacemaker
Champions League XIs: Real Madrid
pecheneg
Largest US Cities 1790-2010
pecheneg
Rides in Walt Disney World
pecheneg
Most Oscar Losses (Acting)
pecheneg
Beyoncé Albums
pecheneg
Trending Topics
Harry Potter
Crossword
Marvel
Disney
Anime
Kpop
NBA
Song
Country
Soccer
Pokémon
The Office
NFL
WWE
Puzzle
Your Account Isn't Verified!
In order to create a playlist on Sporcle, you need to verify the email address you used during registration. Go to your
Sporcle Settings
to finish the process.
Report this User
Report this user for behavior that violates our
Community Guidelines
.
Details:
Send Report
Go to the Sporcle.com Mobile Site →
Comments